Statistics for Lord of The Rings Character quiz

Click here to take the quiz!

General Stats

  • This quiz has been taken 470 times
  • The average score is 23 of 29

Answer Stats

Hint Answer % Correct
7The elfLegolas
100%
1The Grey WizardGandalf
100%
4Fool of a TookPippin
100%
6The dwarfGimli
100%
2The RingbearerFrodo
100%
18The Rightful King of GondorAragorn
99%
5Other oneMerry
99%
8The manBoromir
99%
3The GardenerSamwise
99%
14#8s Brother.Faramir
96%
17The EnemySauron
96%
15Master of IsenguardSaruman
95%
23The hobbit who gives the ring to #2Bilbo
94%
20Master of RivendellElrond
94%
22Lady of Loth-LorienGaladriel
94%
19#18s eleven love.Arwen
93%
9The king of RohanTheoden
92%
24The leader of the Ents at the fall of Isenguard.Treebeard
92%
26Destroyer of the ring.Gollum
90%
12Shield MaidenEowyn
88%
11#9s heir after #10 dies.Eomer
85%
13#8s FatherDenethor
85%
21Master of Loth-LorienCeleborn
81%
10His sonTheodred
54%
25The first ever Uruk-Hai.Lurtz
45%
28The blue Uruk-Hai to catch Frodo in Shellob's Lair.Shagrat
25%
16The leader Leader of the Orc Armies of Mordor.The Witch King
6%
29The Lord of the eagles.Gwalihir
5%
27Leader of the mountain people.King of the Dead
5%

Score Distribution

Percentile by Number Answered

Percent of People with Each Score

Your Score History

You have not taken this quiz